Biotechnology and food safety in China: consumers' acceptance or resistance? (Record no. 71493)

000 -LEADER
fixed length control field 00559pab a2200205 454500
008 - FIXED-LENGTH DATA ELEMENTS--GENERAL INFORMATION
fixed length control field 180718b2006 xxu||||| |||| 00| 0 eng d
100 ## - MAIN ENTRY--PERSONAL NAME
Personal name Ho, Peter
245 ## - TITLE STATEMENT
Title Biotechnology and food safety in China: consumers' acceptance or resistance?
260 ## - PUBLICATION, DISTRIBUTION, ETC.
Date of publication, distribution, etc. 2006
300 ## - PHYSICAL DESCRIPTION
Extent p.227-53.
362 ## - DATES OF PUBLICATION AND/OR SEQUENTIAL DESIGNATION
Dates of publication and/or sequential designation Jan
650 ## - SUBJECT ADDED ENTRY--TOPICAL TERM
Topical term or geographic name entry element Biotechnology - China
650 ## - SUBJECT ADDED ENTRY--TOPICAL TERM
Topical term or geographic name entry element Consumers - China
650 ## - SUBJECT ADDED ENTRY--TOPICAL TERM
Topical term or geographic name entry element Food supply - China
650 ## - SUBJECT ADDED ENTRY--TOPICAL TERM
Topical term or geographic name entry element Food supply
700 ## - ADDED ENTRY--PERSONAL NAME
Personal name Zhao, Jennifer H.
700 ## - ADDED ENTRY--PERSONAL NAME
Personal name Vermeer, Edward B.
773 ## - HOST ITEM ENTRY
Main entry heading Development and Change
909 ## -
-- 71493
Holdings
Withdrawn status Lost status Damaged status Not for loan Permanent Location Current Location Date acquired Serial Enumeration / chronology Barcode Date last seen Price effective from Koha item type
        Indian Institute of Public Administration Indian Institute of Public Administration 2018-07-19 Volume no: 37, Issue no: 1 AR71953 2018-07-19 2018-07-19 Articles

Powered by Koha